| 000 | 00809nam a22002537a 4500 | ||
|---|---|---|---|
| 003 | UA-OsUOA | ||
| 001 | 59346 | ||
| 007 | ta | ||
| 008 | 20090319b un ||||| |||| 00| 0 ukr d | ||
| 100 | _aГринів О. | ||
| 090 |
_a94(477)''19'' _bГ83 |
||
| 942 | _cBK | ||
| 040 |
_aUA-OsUOA _bukr _cUA-OsUOA _dUA-OsUOA |
||
| 245 |
_aУкраїнська націологія:ХІХ-ХХ століття _bІсторичні нариси |
||
| 300 | _a288 с. | ||
| 955 | _a1 | ||
| 041 | _aukr | ||
| 080 | _a94(477)''19'' | ||
| 020 | _a966-603-408-5 | ||
| 260 |
_aЛьвів _bВидавництво "Світ" _c2005 |
||
| 650 | 7 |
_a9 Географія. Біографії. Історія _2UDC |
|
| 999 |
_c345428 _d345428 |
||